| 000 | 00548nam a22002057a 4500 | ||
|---|---|---|---|
| 999 |
_c534048 _d534048 |
||
| 003 | Nust | ||
| 005 | 20200129104025.0 | ||
| 008 | 170131b xxu||||| |||| 00| 0 eng d | ||
| 020 | _a9788129101754 (pbk) | ||
| 038 | _aMSOHAIL | ||
| 040 | _cNust | ||
| 082 |
_a891.446 _bTAG |
||
| 100 |
_a Tagore, Rabindranath, _d1861-1941 _928165 |
||
| 245 |
_a Rabindranath Tagore omnibus 1 - 3 _cRabindranath Tagore |
||
| 250 | _aV-1-3 | ||
| 260 |
_aNew Delhi: _bRupa G. _c2003. |
||
| 300 | _a1010p. | ||
| 650 |
_aIndic literature _928166 |
||
| 942 |
_2ddc _cBK |
||